History Quiz

Random History or Word Play Quiz
Score 0/20 Timer 08:00
4 Plays Today
New Name Actual President % Correct
RON WOOLWIDOWSWoodrow Wilson
94.8%
JOSH DAMANJohn Adams
78.3%
MARK ACABOBABarack Obama
69.4%
DOLLAR MEL MIRFILMillard Fillmore
67.9%
REG RADFOLDGerald Ford
62.5%
HUGO GREBESGeorge Bush
61.6%
TREVOR LEE HOODTOESTheodore Roosevelt
59.6%
CAROL VENGLEVERDGrover Cleveland
54.2%
WANDA JERKNOCSAndrew Jackson
51.4%
SAM MOONJEERJames Monroe
49.9%
New Name Actual President % Correct
JUAN MACHBEANSJames Buchanan
49.2%
ALAN O'GRANDERRonald Reagan
47.5%
MR. RAY HARNUTHarry Truman
46.1%
JOHN FOSTER FAMESThomas Jefferson
44%
EVE BETH HORRORHerbert Hoover
43.5%
ROB 'CANAL' HAMLINAbraham Lincoln
42.8%
GIDEON CLIVCOLACalvin Coolidge
38%
ART THE CRUSHERChester Arthur
34.4%
'IRON' SAM HERBNINJABenjamin Harrison
34.3%
CARRIE K. FLINPENFranklin Pierce
29.3%
Remove Ads.
Support Sporcle.
Get the best of Sporcle when you Go Orange. This ad-free experience offers more features, more stats, and more fun while also helping to support Sporcle. Thank you for becoming a member.

You're not logged in!

Compare scores with friends on all Sporcle quizzes.
OR
Log In

Sporcle TV

Today on Sporcle TV


Watch our educational content, quiz creation guides, and fun videos on Sporcle TV.

Show Comments

Extras

Top Quizzes Today


Score Distribution

Paid Content

Your Account Isn't Verified!

In order to create a playlist on Sporcle, you need to verify the email address you used during registration. Go to your Sporcle Settings to finish the process.

Report this User

Report this user for behavior that violates our Community Guidelines.

Details: